Loading...
| Current Events | 5 | 16.00 | 100% | 60% | 0% |
| Fine Arts - Classical Music | 7 | 17.14 | 100% | 57% | 14% |
| Fine Arts - Other Fine Arts | 6 | 21.67 | 83% | 100% | 33% |
| Geography | 5 | 18.00 | 100% | 80% | 0% |
| History - American History | 9 | 23.33 | 100% | 100% | 33% |
| History - European History | 7 | 24.29 | 86% | 71% | 86% |
| History - Other History | 11 | 24.55 | 100% | 91% | 55% |
| History - World History | 7 | 25.71 | 100% | 86% | 71% |
| Literature - American Literature | 8 | 23.75 | 100% | 100% | 38% |
| Literature - British Literature | 9 | 27.78 | 100% | 100% | 78% |
| Literature - European Literature | 6 | 25.00 | 100% | 100% | 50% |
| Literature - World Literature | 3 | 26.67 | 100% | 100% | 67% |
| Mythology | 8 | 26.25 | 100% | 88% | 75% |
| Painting/Sculpture | 7 | 18.57 | 100% | 71% | 14% |
| Philosophy | 4 | 20.00 | 100% | 100% | 0% |
| Pop Culture | 7 | 24.29 | 100% | 86% | 57% |
| Religion | 10 | 23.00 | 90% | 80% | 60% |
| Science - Biology | 7 | 18.57 | 100% | 71% | 14% |
| Science - Chemistry | 9 | 20.00 | 100% | 89% | 11% |
| Science - Other Science | 11 | 19.09 | 91% | 55% | 46% |
| Science - Physics | 8 | 17.50 | 100% | 75% | 0% |
| Social Science | 4 | 15.00 | 100% | 25% | 25% |